Mortal Instruments Books 1-5 Quiz Stats

 Plays Quiz not verified by Sporcle

Challenge
Share
Tweet
Embed
Score 0/10 Timer 15:00
0 Plays Today
question % Correct
Who does Sebastian say he belongs to?Clary
92.1%
What color are Sebastians eyes?black
70.5%
Who is Valentine?Clarys father
68.5%
Who is Clary's brother? (full name)Jonathan Christopher Morgenstern
54.8%
Who does sebastian make into a dark shadowhunter?Amatis
54.1%
Where did Clary first meet the shadowhunters?club pandemonium
38.7%
Who is Lilith?mother of all demons
18.8%
How does Valentine die?Raziel killed him
17.1%
What is Sebastian trying to make in the City of Lost Souls?another mortal cup
9.6%
What does Sebastian send to the institute?bloody angel wings with a note that says I am coming
3.4%

You're not logged in!

Compare scores with friends on all Sporcle quizzes.
Join for Free
OR
Log In

You Might Also Like...

Show Comments

Extras

Top Quizzes Today


Score Distribution

Your Account Isn't Verified!

In order to create a playlist on Sporcle, you need to verify the email address you used during registration. Go to your Sporcle Settings to finish the process.

Report this User

Report this user for behavior that violates our Community Guidelines.

Details: